Intersección Hospital México

Guardado en:
書目詳細資料
主要作者: Bagnarello Monge, Johnny
格式: 未知
出版: [San José, Costa Rica] 1974
主題:
標簽: 添加標簽
沒有標簽, 成為第一個標記此記錄!

MARC

LEADER 00000 a2200000 4500
003 011458
005 20221231143820.0
008 140114s1974 c a m 000 ||s d
040 |c cru CEDI 
090 |a TFG 539 
100 |a Bagnarello Monge, Johnny  |9 16665 
245 |a Intersección Hospital México 
260 |c 1974  |a [San José, Costa Rica] 
300 |a  25 hojas : cuadros, mapas (plegables)  
500 |a Tesis (Ingeniero Civil) Universidad de Costa Rica.  
650 |x CONSTRUCCION DE CARRETERAS   |x CARRETERAS -- CRUCES  |9 16666 
942 |c TFG 
999 |c 12416  |d 12416